| 000 | 00500nam a2200193Ia 4500 | ||
|---|---|---|---|
| 003 | GCL | ||
| 008 | 140319s9999 xx 000 0 eng d | ||
| 040 |
_aGCL / _cGCL |
||
| 082 | 0 | 4 |
_a445 _bH F |
| 100 | 1 | _aHAWKINS, ROGER | |
| 245 | 1 | 0 |
_aFRENCH GRAMMAR AND USAGE / _cHAWKINS, ROGER |
| 700 | 1 | _aTOWELL, RICHARD | |
| 260 |
_a[S.N] : _bARNOLD PUBLISHERS ، _c1996 |
||
| 300 | _a425 P | ||
| 650 | 0 | 4 | _aGRAMMAR - FRENCH LANGUAGE |
| 650 | 0 | 4 | _aFRENCH LANGUAGE |
| 650 | 0 | 4 | _aLANGUAGES |
| 942 |
_2ddc _cBK |
||
| 999 |
_c13109 _d13109 |
||